书目信息 |
| 题名: |
环境法系列专题研究
|
|
| 作者: | 王树义 主编 | |
| 分册: | 第一辑 | |
| 出版信息: | 北京 科学出版社 2005 |
|
| 页数: | 543页 | |
| 开本: | 24cm | |
| 丛书名: | ||
| 单 册: | ||
| 中图分类: | D922.684 | |
| 科图分类: | ||
| 主题词: | 环境保护法--研究--中国--文集 | |
| 电子资源: | ||
| ISBN: | 7-03-015467-3 | |
| 000 | 00941nam0 2200253 450 | |
| 001 | 020000000973 | |
| 005 | 20070805081056.06 | |
| 010 | @a7-03-015467-3@dCNY70.00 | |
| 100 | @a20050811d2005 em y0chiy0110 ea | |
| 101 | 0 | @achi |
| 102 | @aCN@b110000 | |
| 105 | @ay z 000yy | |
| 106 | @ar | |
| 200 | 1 | @a环境法系列专题研究@Ahuan jing fa xi li zhuan ti yan jiu@h第一辑@f王树义主编@Fwang shu yi zhu bian |
| 210 | @a北京@c科学出版社@d2005 | |
| 215 | @a543页@d24cm | |
| 300 | @a教育部人文社会科学重点研究基地武汉大学环境法研究所 | |
| 330 | @a本书共有13篇文章40多万字,涉及可持续发展下环境资源法理论研究的特点问题,包括了公众参与机制、环境知情权、环境保护协定制度等方面的内容。 | |
| 510 | 1 | @aMonographic Study on a Series of Subjects of Environmental Law@zeng |
| 606 | 0 | @a环境保护法@x研究@y中国@j文集 |
| 690 | @aD922.684@v4 | |
| 701 | 0 | @a王树义@Awang shu yi@4主编 |
| 801 | 0 | @aCN@b北京图联@c20070805 |
| 905 | @dD922.684@e809:1@f4 | |
| 环境法系列专题研究.第一辑/王树义主编.-北京:科学出版社,2005 |
| 543页;24cm |
| 教育部人文社会科学重点研究基地武汉大学环境法研究所 |
| ISBN 7-03-015467-3:CNY70.00 |
| 本书共有13篇文章40多万字,涉及可持续发展下环境资源法理论研究的特点问题,包括了公众参与机制、环境知情权、环境保护协定制度等方面的内容。 |
| ● |
| 相关链接 |
|
|
|
|
正题名:环境法系列专题研究
索取号:D922.684/809:1
 
预约/预借
| 序号 | 登录号 | 条形码 | 馆藏地/架位号 | 状态 | 备注 |
| 1 | 0852459 | 208524596 | 第一样本阅览室/ [索取号:D922.684/809:1] | 在馆 | |
| 2 | 0852460 | 208524603 | 第一借阅区/ [索取号:D922.684/809:1] | 在馆 | |
| 3 | 0852461 | 208524612 | 第一借阅区/ [索取号:D922.684/809:1] | 在馆 | |
| 4 | 0852462 | 208524621 | 第一借阅区/ [索取号:D922.684/809:1] | 在馆 |